Les Misérables / (Record no. 232712)

000 -LEADER
fixed length control field 01493cam a2200397 i 4500
001 - CONTROL NUMBER
control field 18449104
003 - CONTROL NUMBER IDENTIFIER
control field Nust
005 - DATE AND TIME OF LATEST TRANSACTION
control field 20170222164134.0
008 - FIXED-LENGTH DATA ELEMENTS--GENERAL INFORMATION
fixed length control field 150114s2015 mnua b 000 1 eng
010 ## - LIBRARY OF CONGRESS CONTROL NUMBER
LC control number 2015000835
020 ## - INTERNATIONAL STANDARD BOOK NUMBER
International Standard Book Number 9788178266992
040 ## - CATALOGING SOURCE
Original cataloging agency DLC
Language of cataloging eng
Transcribing agency DLC
Description conventions rda
041 1# - LANGUAGE CODE
Language code of text/sound track or separate title eng
Language code of original fre
042 ## - AUTHENTICATION CODE
Authentication code pcc
043 ## - GEOGRAPHIC AREA CODE
Geographic area code e-fr---
050 00 - LIBRARY OF CONGRESS CALL NUMBER
Classification number PQ2286
Item number .A31 2015
082 00 - DEWEY DECIMAL CLASSIFICATION NUMBER
Classification number 823
Author Mark HUG
100 1# - MAIN ENTRY--PERSONAL NAME
Personal name Hugo, Victor,
Dates associated with a name 1802-1885,
Relator term author.
240 10 - UNIFORM TITLE
Uniform title Misérables.
Language of a work English
245 14 - TITLE STATEMENT
Title Les Misérables /
Statement of responsibility, etc. by Victor Hugo ; translated by Isabel F. Hapgood ; illustrated by Émile Bayard.
264 #1 - PRODUCTION, PUBLICATION, DISTRIBUTION, MANUFACTURE, AND COPYRIGHT NOTICE
Place of production, publication, distribution, manufacture Minneapolis, MN :
Name of producer, publisher, distributor, manufacturer First Avenue Editions, A division of Lerner Publishing Group,
Date of production, publication, distribution, manufacture, or copyright notice 2004
300 ## - PHYSICAL DESCRIPTION
Extent xvi, 607 pages :
Dimensions 22 cm
336 ## - CONTENT TYPE
Content type term text
Source rdacontent
337 ## - MEDIA TYPE
Media type term unmediated
Source rdamedia
338 ## - CARRIER TYPE
Carrier type term volume
Source rdacarrier
490 0# - SERIES STATEMENT
Series statement First Avenue classics
504 ## - BIBLIOGRAPHY, ETC. NOTE
Bibliography, etc. note Includes bibliographical references.
650 #0 - SUBJECT ADDED ENTRY--TOPICAL TERM
Topical term or geographic name entry element Ex-convicts
Form subdivision Fiction.
650 #0 - SUBJECT ADDED ENTRY--TOPICAL TERM
Topical term or geographic name entry element Orphans
Form subdivision Fiction.
651 #0 - SUBJECT ADDED ENTRY--GEOGRAPHIC NAME
Geographic name Paris (France)
Form subdivision Fiction.
655 #7 - INDEX TERM--GENRE/FORM
Genre/form data or focus term Epic literature.
Source of term gsafd
906 ## - LOCAL DATA ELEMENT F, LDF (RLIN)
a 7
b cbc
c orignew
d 1
e ecip
f 20
g y-gencatlg
942 ## - ADDED ENTRY ELEMENTS (KOHA)
Source of classification or shelving scheme
Koha item type Book
Holdings
Withdrawn status Lost status Source of classification or shelving scheme Damaged status Not for loan Permanent Location Current Location Shelving location Date acquired Total Checkouts Full call number Barcode Date last seen Date last checked out Copy number Price effective from Koha item type
          Central Library (CL) Central Library (CL) Fiction 02/22/2017 1 823 HUG CL1054 05/08/2023 03/20/2023 1 02/22/2017 Book
          Central Library (CL) Central Library (CL) Fiction 04/02/2019   823 HUG CL870 04/02/2019   2 04/02/2019 Book
© 2023 Central Library, National University of Sciences and Technology. All Rights Reserved.